Not the Main Character (TV Edition) II Quiz Stats

Quiz Updated Sep 14, 2015

Challenge
Share
Tweet
Embed
Score 0/20 Timer 05:00
0 Plays Today
(Not the main characters) TV show % Correct
The Janitor, Todd 'The Todd' QuinlanScrubs
82.7%
Mr. Big, Steve BradySex and the City
73.4%
Frank Dunphy, DylanModern Family
67%
Ruthie Cohen, NewmanSeinfeld
62.2%
Scruffy the Janitor, Richard Nixon's HeadFuturama
58%
The Great Gazoo, Mr. SlateThe Flintstones
48.5%
Adriana La Cerva, Silvio DanteThe Sopranos
39.5%
Jean-Ralphio Saperstein, Donna MeagleParks and Recreation
39.1%
Mrs. Hudson, DI LestradeSherlock
35.1%
Rose, Judith HarperTwo and a Half Men
32.1%
(Not the main characters) TV show % Correct
Billy Walsh, Mrs. AriEntourage
29.3%
Chloe O'Brian, Tony Almeida24
28.8%
Noah Bennet, Angela PetrelliHeroes
27.5%
Toofer, Pete Hornberger30 Rock
27.3%
Matthew 'Rickety Cricket' Mara, Maureen PonderosaIt's Always Sunny in Philadelphia
25.5%
Dr. Clarkson, Matthew CrawleyDownton Abbey
23.5%
Theodore 'T-Bag' Bagwell, Brad BellickPrison Break
18.7%
Happy, Harry 'Opie' WinstonSons of Anarchy
14.8%
Rosita Espinosa, NoahThe Walking Dead
13.6%
Frank McCann, Dr. Arthur ArdenAmerican Horror Story: Asylum
5.7%

You're not logged in!

Compare scores with friends on all Sporcle quizzes.
Sign Up with Email
OR
Log In

You Might Also Like...

Show Comments

Extras

Top Quizzes Today


Score Distribution

Your Account Isn't Verified!

In order to create a playlist on Sporcle, you need to verify the email address you used during registration. Go to your Sporcle Settings to finish the process.